Ingeniería de control moderna
保存先:
| 第一著者: | |
|---|---|
| フォーマット: | 図書 |
| 言語: | スペイン語 |
| 出版事項: |
Madrid, España
Pearson
2003
|
| 版: | 4a. edición |
| 主題: | |
| オンライン・アクセス: | Disponible Online |
| タグ: |
タグ追加
タグなし, このレコードへの初めてのタグを付けませんか!
|
MARC
| LEADER | 00000nam a2200000 a 4500 | ||
|---|---|---|---|
| 001 | UCL1666 | ||
| 003 | CL-VaPUC | ||
| 005 | 20220927154651.0 | ||
| 008 | 030911e20030000SP |||||||||||||||||spa|d | ||
| 999 | |c 305131 |d 305129 | ||
| 020 | |a 8420536784 | ||
| 040 | |c Pontificia Universidad Católica de Valparaíso | ||
| 082 | 0 | 4 | |a 629.8 OGA 2003 |2 21 |
| 100 | |a Ogata, Katsuhiko |e autor |9 306008 | ||
| 245 | 1 | 0 | |a Ingeniería de control moderna |
| 250 | |a 4a. edición | ||
| 260 | |a Madrid, España |b Pearson |c 2003 | ||
| 300 | |a 965 páginas | ||
| 583 | |a last modification |c 20160907 02:45:16 |k Rodrigo Vera | ||
| 650 | 0 | |a Sistemas de control |9 263596 | |
| 650 | 0 | |a Transformada de Laplace |9 422308 | |
| 650 | 0 | |a Modelos matemáticos |9 259437 | |
| 650 | 7 | |a MATLAB |2 CL-VaPUC |9 330763 | |
| 650 | 0 | |a Sistemas lineales |9 384816 | |
| 856 | |u http://bibliografiadigital.pucv.cl.pucv.idm.oclc.org/index.php/bibliotecapucv/catalog/book/748 |y Disponible Online | ||
| 942 | |c BK |2 ddc | ||
| 945 | |d 20030911 00:00:00 |a cmena | ||
| 952 | |0 0 |1 0 |2 ddc |4 0 |6 629_800000000000000_OGA_2003 |7 0 |8 A |9 368151 |a BIBING |b BIBING |c RES |d 2019-11-21 |i 393974K |o 629.8 OGA 2003 |p 393974K |r 2025-01-20 |w 2019-11-21 |y BK |k EIE | ||
| 952 | |0 0 |1 0 |2 ddc |4 0 |6 629_800000000000000_OGA_2003 |7 0 |8 A |9 368152 |a BIBING |b BIBING |c RES |d 2019-11-21 |i 3939758 |o 629.8 OGA 2003 |p 3939758 |r 2025-01-20 |w 2019-11-21 |y BK |k EIE | ||
| 952 | |0 0 |1 0 |2 ddc |4 0 |6 629_800000000000000_OGA_2003 |7 0 |8 A |9 368153 |a BIBING |b BIBING |c RES |d 2019-11-21 |i 3939766 |o 629.8 OGA 2003 |p 3939766 |r 2025-01-20 |w 2019-11-21 |y BK |k EIE | ||
| 952 | |0 0 |1 0 |2 ddc |4 0 |6 629_800000000000000_OGA_2003 |7 0 |8 A |9 368154 |a BIBING |b BIBING |c RES |d 2019-11-21 |i 3939782 |o 629.8 OGA 2003 |p 3939782 |r 2025-01-20 |w 2019-11-21 |y BK |k EIE | ||
| 952 | |0 0 |1 0 |2 ddc |4 0 |6 629_800000000000000_OGA_2003 |7 0 |8 A |9 368155 |a BIBING |b BIBING |c RES |d 2019-11-21 |i 3939804 |l 1 |o 629.8 OGA 2003 |p 3939804 |r 2025-01-20 |s 2022-10-21 |w 2019-11-21 |y BK |k EIE | ||
| 952 | |0 0 |1 0 |2 ddc |4 0 |6 629_800000000000000_OGA_2003 |7 0 |8 A |9 368156 |a BIBING |b BIBING |c RES |d 2019-11-21 |i 4048733 |l 1 |o 629.8 OGA 2003 |p 4048733 |r 2025-01-20 |s 2024-07-03 |w 2019-11-21 |y BK |k EIE | ||
| 952 | |0 0 |1 0 |2 ddc |4 0 |6 629_800000000000000_OGA_2003 |7 0 |8 A |9 368157 |a BIBING |b BIBING |c RES |d 2019-11-21 |i 4048741 |l 3 |o 629.8 OGA 2003 |p 4048741 |r 2025-01-20 |s 2022-10-28 |w 2019-11-21 |y BK |k EIE | ||
| 952 | |0 0 |1 0 |2 ddc |4 0 |6 629_800000000000000_OGA_2003 |7 0 |8 A |9 368158 |a BIBING |b BIBING |c RES |d 2019-11-21 |i 404875K |o 629.8 OGA 2003 |p 404875K |r 2025-01-20 |w 2019-11-21 |y BK |k EIE | ||
| 952 | |0 0 |1 0 |2 ddc |4 0 |6 629_800000000000000_OGA_2003 |7 0 |8 A |9 368159 |a BIBING |b BIBING |c RES |d 2019-11-21 |i 4048768 |o 629.8 OGA 2003 |p 4048768 |r 2025-01-20 |w 2019-11-21 |y BK |k EIE | ||
| 952 | |0 0 |1 0 |2 ddc |4 0 |6 629_800000000000000_OGA_2003 |7 0 |8 A |9 368160 |a BIBING |b BIBING |c RES |d 2019-11-21 |i 4048776 |o 629.8 OGA 2003 |p 4048776 |r 2025-01-20 |w 2019-11-21 |y BK |k EIE | ||
| 952 | |0 0 |1 0 |4 0 |6 629_800000000000000_OGA_2003 |7 0 |8 R |9 368161 |a BIBMEC |b BIBMEC |d 2019-11-21 |i 4128990 |l 1 |o 629.8 OGA 2003 |p 4128990 |r 2025-04-21 |s 2025-04-21 |w 2019-11-21 |y BK_R |k MEC | ||
| 952 | |0 0 |1 0 |4 0 |6 629_800000000000000_OGA_2003 |7 0 |8 R |9 368162 |a BIBMEC |b BIBMEC |d 2019-11-21 |i 4129008 |o 629.8 OGA 2003 |p 4129008 |r 2024-01-19 |w 2019-11-21 |y BK_R |k MEC | ||
| 952 | |0 0 |1 0 |4 0 |6 629_800000000000000_OGA_2003 |7 0 |8 R |9 368163 |a BIBMEC |b BIBMEC |d 2019-11-21 |i 4129016 |o 629.8 OGA 2003 |p 4129016 |r 2024-01-19 |w 2019-11-21 |y BK_R |k MEC | ||
| 952 | |0 0 |1 0 |2 ddc |4 0 |6 629_800000000000000_OGA_2003 |7 0 |8 A |9 368164 |a BIBING |b BIBING |c RES |d 2019-11-21 |i 4160746 |o 629.8 OGA 2003 |p 4160746 |r 2025-01-20 |w 2019-11-21 |y BK |k EIE | ||
| 952 | |0 0 |1 0 |2 ddc |4 0 |6 629_800000000000000_OGA_2003 |7 0 |8 A |9 368165 |a BIBING |b BIBING |c RES |d 2019-11-21 |i 4279344 |l 5 |o 629.8 OGA 2003 |p 4279344 |r 2025-01-20 |s 2024-06-18 |w 2019-11-21 |y BK |k EIE | ||
| 952 | |0 0 |1 0 |2 ddc |4 0 |6 629_800000000000000_OGA_2003 |7 0 |8 A |9 368166 |a BIBING |b BIBING |c RES |d 2019-11-21 |i 4279352 |l 3 |o 629.8 OGA 2003 |p 4279352 |r 2025-01-20 |s 2022-12-06 |w 2019-11-21 |y BK |k EIE | ||
| 952 | |0 0 |1 0 |2 ddc |4 0 |6 629_800000000000000_OGA_2003 |7 0 |8 A |9 368167 |a BIBING |b BIBING |c RES |d 2019-11-21 |i 4279360 |l 8 |o 629.8 OGA 2003 |p 4279360 |r 2025-01-20 |s 2022-06-22 |w 2019-11-21 |y BK |k EIE | ||
| 952 | |0 0 |1 0 |2 ddc |4 0 |6 629_800000000000000_OGA_2003 |7 0 |8 A |9 368168 |a BIBING |b BIBING |c RES |d 2019-11-21 |i 4279379 |o 629.8 OGA 2003 |p 4279379 |r 2025-01-20 |w 2019-11-21 |y BK |k EIE | ||
| 952 | |0 0 |1 0 |2 ddc |4 0 |6 629_800000000000000_OGA_2003 |7 0 |8 A |9 368169 |a BIBING |b BIBING |c RES |d 2019-11-21 |i 4279387 |o 629.8 OGA 2003 |p 4279387 |r 2025-01-20 |w 2019-11-21 |y BK |k EIE | ||
| 952 | |0 0 |1 0 |2 ddc |4 0 |6 629_800000000000000_OGA_2003 |7 0 |8 A |9 368170 |a BIBING |b BIBING |c RES |d 2019-11-21 |i 4279395 |o 629.8 OGA 2003 |p 4279395 |r 2025-01-20 |w 2019-11-21 |y BK |k EIE | ||
| 952 | |0 0 |1 0 |2 ddc |4 0 |6 629_800000000000000_OGA_2003 |7 0 |8 A |9 368171 |a BIBING |b BIBING |c RES |d 2019-11-21 |i 4279409 |o 629.8 OGA 2003 |p 4279409 |r 2025-01-20 |w 2019-11-21 |y BK |k EIE | ||
| 952 | |0 0 |1 0 |2 ddc |4 0 |6 629_800000000000000_OGA_2003 |7 0 |8 A |9 368172 |a BIBING |b BIBING |c RES |d 2019-11-21 |i 4279417 |l 5 |m 2 |o 629.8 OGA 2003 |p 4279417 |r 2025-01-20 |s 2024-08-06 |w 2019-11-21 |y BK |k EIE | ||
| 952 | |0 0 |1 0 |2 ddc |4 0 |6 629_800000000000000_OGA_2003 |7 0 |8 A |9 368173 |a BIBING |b BIBING |c RES |d 2019-11-21 |i 4279425 |l 3 |o 629.8 OGA 2003 |p 4279425 |r 2025-01-20 |s 2023-04-12 |w 2019-11-21 |y BK |k EIE | ||
| 952 | |0 0 |1 0 |2 ddc |4 0 |6 629_800000000000000_OGA_2003 |7 0 |8 A |9 368174 |a BIBING |b BIBING |c RES |d 2019-11-21 |i 4279433 |l 3 |o 629.8 OGA 2003 |p 4279433 |r 2025-01-20 |s 2022-09-26 |w 2019-11-21 |y BK |k EIE | ||
| 952 | |0 0 |1 0 |2 ddc |4 0 |6 629_800000000000000_OGA_2003 |7 0 |8 A |9 368175 |a BIBING |b BIBING |c RES |d 2019-11-21 |i 4296869 |l 2 |o 629.8 OGA 2003 |p 4296869 |r 2025-01-20 |s 2022-04-04 |w 2019-11-21 |y BK |k EIE | ||
| 952 | |0 0 |1 0 |4 0 |6 629_800000000000000_OGA_2003 |7 0 |8 R |9 368176 |a BIBMEC |b BIBMEC |d 2019-11-21 |i 4311337 |o 629.8 OGA 2003 |p 4311337 |r 2024-01-19 |w 2019-11-21 |y BK_R |k MEC | ||
| 952 | |0 0 |1 0 |4 0 |6 629_800000000000000_OGA_2003 |7 0 |8 R |9 368177 |a BIBMEC |b BIBMEC |d 2019-11-21 |i 4311345 |o 629.8 OGA 2003 |p 4311345 |r 2024-01-19 |w 2019-11-21 |y BK_R |k MEC | ||